[Event "EYCC Open-U18 2019"]
[Site "Bratislava"]
[Date "2019.08.05"]
[Round "4.9"]
[White "Omorjan, Dejan"]
[Black "Nguyen, Thai Dai Van"]
[Result "0-1"]
[WhiteElo "2317"]
[BlackElo "2535"]
[Annotator "TA"]
[PlyCount "84"]
[EventDate "2019.08.02"]
[EventType "swiss"]
[EventCountry "SVK"]
[SourceTitle "playchess.com"]
[Source "ChessBase"]
[SourceQuality "1"]

{[%evp 9,84,26,30,12,33,41,45,50,35,16,23,0,5,0,0,4,8,0,0,-8,-16,-14,-16,-8,0,0,0,-14,0,0,5,-9,-9,-10,-8,-8,-12,-56,-64,-65,-51,-60,-60,-64,-60,-58,-61,-49,-34,-58,-47,-93,-57,-55,-21,-61,-29,-36,-24,-48,-8,0,0,-206,-190,-509,-503,-481,-492,-663,-655,-704,-693,-731,-713,-2193,-952]} 1. d4 Nf6 2. c4 e6 3. Nf3 d5 4. Nc3 Nbd7 5. Bf4 dxc4 6. e3 {D37: Queen's Gambit Declined: 5 Bf4} b5 (6... Nd5 7. Bxc4 Nxf4 8. exf4 Nb6 9. Bd3 g6 10. Qe2 Bg7 11. Rd1 Bd7 12. Be4 c6 13. g3 Nd5 14. O-O O-O 15. Ne5 Qc7 16. Rc1 Nxc3 17. Rxc3 {½-½ (69) Cheparinov,I (2667)-Andreikin,D (2722) Hengshui 2019}) 7. Nxb5 Bb4+ 8. Nc3 {White is slightly better.} Nd5 9. Rc1 N7b6 $1 10. Be2 (10. Ne5 {seems wilder.} Bb7 11. Bg3 O-O 12. Bxc4 Nxc4 13. Nxc4 Bxc3+ 14. bxc3 Nb6 15. Ne5) 10... Bxc3+ $146 ({Predecessor:} 10... Bb7 11. O-O Nxf4 12. exf4 Qf6 13. g3 Rd8 {½-½ (57) Swayams,M (2444)-Ider,B (2464) Sautron 2015}) 11. bxc3 Nxf4 12. exf4 O-O 13. O-O Bb7 14. Nd2 Qd6 15. Bf3 Bd5 16. g3 Qa3 17. Qc2 Rab8 18. f5 Nc8 {White should prevent ...Rb2.} 19. Rb1 Nd6 20. Rxb8 Rxb8 21. Rb1 Rb6 22. fxe6 Bxe6 23. Be4 g6 24. h4 Bd7 25. Rxb6 axb6 26. Nb1 Qa5 27. Nd2 Kg7 28. Qb2 Be6 29. Qc2 h6 30. Qb2 Bd7 31. Qc2 Qb5 32. Kg2 g5 33. hxg5 hxg5 {aiming for ...f5.} 34. Kg1 f6 35. Nf1 Qa5 36. Ne3 $2 {[#]} (36. Bg2 $11 {and White has nothing to worry.}) 36... Ba4 $1 $36 {[%cal Ra4c2][%mdl 2048] Black has strong initiative.} 37. Qe2 $2 (37. Qb1 {nothing else works.}) 37... Nxe4 {Black is clearly winning.} 38. Qxc4 Qxc3 39. Nf5+ Kf8 40. Qe2 Bc6 41. f3 Qd2 42. Qf1 Nd6 {Accuracy: White = 40%, Black = 48%.} 0-1

[Event "EYCC Open-U18 2019"]
[Site "Bratislava"]
[Date "2019.08.05"]
[Round "4.10"]
[White "Schoppen, Casper"]
[Black "Leisch, Lukas"]
[Result "1-0"]
[WhiteElo "2493"]
[BlackElo "2327"]
[Annotator "TA"]
[PlyCount "81"]
[EventDate "2019.08.02"]
[EventType "swiss"]
[EventCountry "SVK"]
[SourceTitle "playchess.com"]
[Source "ChessBase"]
[SourceQuality "1"]

{[%evp 18,81,16,0,8,12,27,18,122,127,176,177,192,199,202,195,205,217,213,195,180,185,376,363,335,357,355,40,208,77,174,144,120,128,146,150,147,156,171,162,289,282,281,286,338,334,234,235,350,362,584,562,711,701,714,645,610,553,612,595,581,562,757,753,753,752]} 1. e4 e6 2. d4 d5 3. Nc3 Nf6 4. e5 Nfd7 5. f4 c5 6. Nf3 Nc6 7. Be3 a6 8. Qd2 b5 9. Nd1 Qb6 10. Be2 cxd4 {C11: French: Classical System: 4 e5 and 4 Bg5 dxe4} 11. Nxd4 Bc5 {[%cal Rc6d4]} (11... Nxd4 12. Bxd4 Bc5 13. c3 b4 14. O-O a5 15. Bg4 O-O 16. Ne3 Ba6 17. Rfe1 g6 18. Nxd5 exd5 19. Bxd7 {0-1 (43) Ponomariov,R (2712)-Wang,H (2717) Huaian 2016}) 12. c3 b4 (12... O-O $11) 13. Nxc6 $16 {[#]} bxc3 $146 ({Predecessor:} 13... Qxc6 14. cxb4 Bxe3 15. Qxe3 Rb8 16. a3 d4 17. Qf2 Bb7 18. O-O {0-1 (34) David,A (2460)-Vaisser,A (2575) Athens 1997}) 14. Qxc3 {Hoping for Bxc5.} Qxc6 15. Rc1 {[%cal Re3c5]} d4 16. Bxd4 Bb4 17. Qxb4 Qxc1 {[#]} 18. f5 $1 {[%mdl 512]} Rb8 (18... exf5 19. O-O) 19. Qd6 $1 {[%csl LRa6,LRe6][%mdl 64] Double Attack} Qf4 $2 (19... Qg5) 20. fxe6 $18 fxe6 21. Qxe6+ Kd8 22. Bc3 $2 (22. Qc4 $18 Qh4+ 23. Nf2) 22... Qh4+ $2 (22... Rb6 $1 $14 23. Qg4 Qxg4 24. Bxg4 Rg6) 23. Kd2 (23. g3 $18 Qe7 24. Qd5) 23... Qe7 (23... Rb6 $16 24. Qc4 Qxc4 25. Bxc4 Rg6) 24. Qxe7+ Kxe7 25. Ne3 Nc5 26. Nd5+ Ke6 27. Nf4+ Ke7 28. Ke3 Na4 (28... Ne6 {was called for.} 29. Nd5+ Ke8) 29. Bd4 {Black must now prevent b3.} Nxb2 30. Rc1 Rd8 31. Rc7+ Rd7 32. Rc6 {Strongly threatening e6.} Na4 (32... Rxd4 {was worth a try.} 33. Kxd4 Rb4+ 34. Ke3 Kd7 35. Rd6+ Ke8 36. Bxa6 Nc4+ 37. Bxc4 Rxc4) 33. e6 {[%mdl 64] Discovered Attack} Rxd4 $2 (33... Rd6 {keeps fighting.} 34. Rc7+ Kd8) 34. Kxd4 {White is clearly winning.} Rb4+ {[#]} 35. Ke5 $1 {White threatens Nd5+ and mate.} Rxf4 36. Kxf4 Bxe6 {KRB-KBN} 37. a3 Bd5 38. Rxa6 Nc5 39. Ra7+ Kf6 40. Bf3 Bb3 41. Ke3 {Accuracy: White = 57%, Black = 21%.} 1-0

[Event "EYCC Open-U18 2019"]
[Site "Bratislava"]
[Date "2019.08.05"]
[Round "4.11"]
[White "Oboladze, Luka"]
[Black "Gumularz, Szymon"]
[Result "1/2-1/2"]
[WhiteElo "2323"]
[BlackElo "2502"]
[Annotator "ChessBase"]
[PlyCount "72"]
[EventDate "2019.08.02"]
[EventType "swiss"]
[EventCountry "SVK"]
[SourceTitle "playchess.com"]
[Source "ChessBase"]
[SourceQuality "1"]
[TimeControl "40/5400+30:1800+30"]

1. d4 {[%emt 0:00:00]} Nf6 {[%emt 0:00:00]} 2. c4 {[%emt 0:00:00]} g6 {[%emt 0:00:00]} 3. Nc3 {[%emt 0:00:00]} Bg7 {[%emt 0:00:02]} 4. e4 {[%emt 0:00:05]} d6 {[%emt 0:00:08]} 5. Nf3 {[%emt 0:00:07]} O-O {[%emt 0:00:07]} 6. Be2 {[%emt 0:00:11]} c5 {[%emt 0:00:45]} 7. O-O {[%emt 0:01:14]} cxd4 {[%emt 0:00:24]} 8. Nxd4 {[%emt 0:00:05]} Nc6 {[%emt 0:00:08]} 9. Be3 {[%emt 0:00:17]} Bd7 {[%emt 0:00:04]} 10. f3 {[%emt 0:00:45]} Nxd4 {[%emt 0:05:10]} 11. Bxd4 {[%emt 0:00:06]} a5 {[%emt 0:03:29]} 12. b3 {[%emt 0:01:11]} Bc6 {[%emt 0:00:40]} 13. Qd2 {[%emt 0:02:07]} Nd7 {[%emt 0:00:07]} 14. Bxg7 {[%emt 0:08:01]} Kxg7 {[%emt 0:00:06]} 15. Qd4+ {[%emt 0:00:28]} Kg8 {[%emt 0:00:27]} 16. Rfd1 {[%emt 0:01:02]} Qb6 {[%emt 0:00:53]} 17. Qxb6 {[%emt 0:10:19]} Nxb6 {[%emt 0:01:56]} 18. Rac1 {[%emt 0:11:23]} Rfc8 {[%emt 0:01:24]} 19. Nd5 {[%emt 0:03:42]} Bxd5 {[%emt 0:03:20]} 20. cxd5 {[%emt 0:00:55]} Kg7 {[%emt 0:01:38]} 21. Kf2 {[%emt 0:02:46]} f5 {[%emt 0:00:34]} 22. Ke3 {[%emt 0:01:45]} Kf6 {[%emt 0:02:18]} 23. f4 {[%emt 0:08:01]} fxe4 {[%emt 0:19:01]} 24. Kxe4 {[%emt 0:00:28]} Nd7 {[%emt 0:02:25]} 25. Rxc8 {[%emt 0:05:18]} Rxc8 {[%emt 0:00:11]} 26. Bg4 {[%emt 0:00:31]} Nc5+ {[%emt 0:00:35]} 27. Kd4 {[%emt 0:03:44]} Rc7 {[%emt 0:06:21]} 28. Be2 {[%emt 0:04:58]} Nd7 {[%emt 0:04:18]} 29. Bd3 {[%emt 0:03:01]} Nb6 {[%emt 0:07:55]} 30. g4 {[%emt 0:07:28]} Rc5 {[%emt 0:01:07]} 31. g5+ {[%emt 0:01:08]} Kf7 {[%emt 0:10:34]} 32. Be4 {[%emt 0:00:33]} Rb5 {[%emt 0:05:09]} 33. Rb1 {[%emt 0:04:53]} Rb4+ {[%emt 0:03:40]} 34. Ke3 {[%emt 0:00:14]} Rb5 {[%emt 0:00:31]} 35. Kd4 {[%emt 0:03:04]} Rb4+ {[%emt 0:02:11]} 36. Ke3 {[%emt 0:00:06]} Rb5 {[%emt 0:00:42]} 1/2-1/2

[Event "EYCC Open-U18 2019"]
[Site "Bratislava"]
[Date "2019.08.05"]
[Round "4.12"]
[White "Crevatin, Leo"]
[Black "Pechac, Jergus"]
[Result "0-1"]
[WhiteElo "2146"]
[BlackElo "2469"]
[Annotator "TA"]
[PlyCount "62"]
[EventDate "2019.08.02"]
[EventType "swiss"]
[EventCountry "SVK"]
[SourceTitle "playchess.com"]
[Source "ChessBase"]
[SourceQuality "1"]

{[%evp 9,90,-17,-17,-34,-14,-129,-129,-115,-119,-168,-147,-197,-49,-114,-108,-112,-114,-100,-77,-119,-119,-108,-56,-63,-59,-50,-59,-156,-162,-178,-163,-241,-245,-236,-233,-324,-300,-405,-407,-407,-390,-406,-406,-428,-413,-438,-541,-563,-554,-542,-533,-575,-568,-575,-568,-575,-568,-551,-550,-595,-595,-589,-562,-739,-703,-29975,-29973,-29974,-29973,-29981,-29977,-29984,-29985,-29985,-29986,-29987,-29988,-29988,-29988,-29989,-29986,-29987,-29988]} 1. d4 Nf6 2. c4 g6 3. Nc3 d5 4. h4 c5 5. dxc5 (5. cxd5 Nxd5 6. dxc5 Nxc3 7. Qxd8+ Kxd8 8. bxc3 Bg7 9. Kd2 Bf5 10. f3 Nd7 11. e4 Be6 12. c6 bxc6 {½-½ (23) Drazic,S (2469)-Popov,I (2652) Chennai 2013}) 5... d4 6. Nb5 {D80: Grünfeld: Unusual White 4th moves and 4 Bg5} e5 7. Bg5 (7. b4 $11) 7... Bxc5 $17 {And now ...Bb4+ would win.} 8. Nf3 $146 {Threatening Bxf6.Black is better.} ({Predecessor:} 8. a3 Nc6 9. Bxf6 Qxf6 10. Nc7+ Kf8 11. Nxa8 e4 12. Qc1 d3 13. e3 Nb4 14. Qc3 Nc2+ 15. Kd1 Qxc3 16. bxc3 Nxa1 17. f3 f5 18. Nc7 Nc2 {0-1 (18) Burnett,A (2274)-Biolek,R (2424) Marianske Lazne 2015}) 8... O-O 9. a3 Nc6 10. e3 Bf5 (10... a6 $1 $19 {[%cal Ra6b5]} 11. Be2 axb5 12. cxb5 Na7 13. Nxe5 Nxb5 $1 {[%mdl 512]}) 11. exd4 (11. b4 $15 Nxb4 12. axb4 Bxb4+ 13. Nd2) 11... exd4 {White must now prevent ...Re8+.} 12. Bd3 Bxd3 13. Qxd3 a6 $1 {[%cal Ra6b5]} 14. O-O axb5 15. cxb5 Nb8 (15... Na7 $1 $17 {aiming for ...Rc8.} 16. b4 Be7) 16. b4 $1 $15 {[%cal Rb4c5]} Be7 17. Rfe1 Re8 18. Re2 {[#]} (18. Rad1 $1 $15) 18... Qd6 $1 $17 19. Rae1 Nbd7 20. g3 {[#]} (20. Nd2 $142 Bf8 21. Nc4) 20... Bf8 $1 $19 21. Rxe8 Nxe8 22. Bf4 Qd5 23. Qxd4 Qxf3 24. Qxd7 Nf6 25. Qd1 Qxa3 26. Bg5 Qc3 27. Re3 Ra1 28. Rxc3 Rxd1+ 29. Kg2 Ne4 30. Rc7 Nxg5 31. hxg5 {[%mdl 4096] Endgame KRB-KR} Bxb4 {Played: Rd1-d5} 0-1

[Event "EYCC Open-U18 2019"]
[Site "Bratislava"]
[Date "2019.08.05"]
[Round "4.13"]
[White "Blohberger, Felix"]
[Black "Ciorgovean, Iustin"]
[Result "1/2-1/2"]
[WhiteElo "2476"]
[BlackElo "2330"]
[Annotator "ChessBase"]
[PlyCount "43"]
[EventDate "2019.08.02"]
[EventType "swiss"]
[EventCountry "SVK"]
[SourceTitle "playchess.com"]
[Source "ChessBase"]
[SourceQuality "1"]
[TimeControl "40/5400+30:1800+30"]

1. e4 {[%emt 0:00:00]} c5 {[%emt 0:00:00]} 2. Nf3 {[%emt 0:00:00]} d6 {[%emt 0:00:00]} 3. Bb5+ {[%emt 0:00:00]} Nd7 {[%emt 0:00:00]} 4. O-O {[%emt 0:00:00]} a6 {[%emt 0:00:00]} 5. Bd3 {[%emt 0:00:12]} Ngf6 {[%emt 0:00:06]} 6. Re1 {[%emt 0:00:30]} e6 {[%emt 0:00:12]} 7. c3 {[%emt 0:00:13]} b5 {[%emt 0:00:19]} 8. Bc2 {[%emt 0:00:47]} c4 {[%emt 0:00:12]} 9. a4 {[%emt 0:00:17]} Bb7 {[%emt 0:00:12]} 10. d4 {[%emt 0:00:27]} cxd3 {[%emt 0:00:09]} 11. Qxd3 {[%emt 0:00:09]} Nc5 {[%emt 0:00:21]} 12. Qe2 {[%emt 0:00:13]} bxa4 {[%emt 0:00:22]} 13. Be3 {[%emt 0:00:43]} Nfxe4 {[%emt 0:13:28]} 14. Nbd2 {[%emt 0:01:49]} Nxd2 {[%emt 0:00:17]} 15. Nxd2 {[%emt 0:00:24]} Qc7 {[%emt 0:00:27]} 16. Bxc5 {[%emt 0:08:16]} Qxc5 {[%emt 0:00:11]} 17. Bxa4+ {[%emt 0:00:34]} Ke7 {[%emt 0:00:04]} 18. b4 {[%emt 0:19:04]} Qc7 {[%emt 0:28:51]} 19. Nb3 {[%emt 0:18:44]} g6 {[%emt 0:13:07]} 20. Nd4 {[%emt 0:08:29]} e5 {[%emt 0:01:49]} 21. c4 {[%emt 0:08:24]} Kf6 {[%emt 0:15:50]} 22. Nb3 {[%emt 0:04:47]} 1/2-1/2

[Event "EYCC Open-U18 2019"]
[Site "Bratislava"]
[Date "2019.08.05"]
[Round "4.14"]
[White "Petriashvili, Nikoloz"]
[Black "Papp, Levente"]
[Result "1-0"]
[WhiteElo "2451"]
[BlackElo "2362"]
[Annotator "TA"]
[PlyCount "111"]
[EventDate "2019.08.02"]
[EventType "swiss"]
[EventCountry "SVK"]
[SourceTitle "playchess.com"]
[Source "ChessBase"]
[SourceQuality "1"]

{[%evp 24,111,12,14,9,12,6,6,30,0,4,-13,0,0,-4,-17,-19,-26,-14,-25,0,-30,0,0,22,23,39,39,32,27,47,56,113,39,33,42,45,25,35,0,0,0,0,0,11,0,0,0,148,133,143,150,142,147,141,96,165,27,352,360,296,192,196,154,168,29,41,34,38,35,108,45,160,161,163,165,279,275,477,468,540,561,7429,6444,29983,29984,29986,29987,29990,29991]} 1. d4 Nf6 2. c4 e6 3. Nf3 Bb4+ 4. Bd2 Qe7 5. g3 Nc6 6. Bg2 Bxd2+ 7. Nbxd2 O-O 8. O-O d6 9. e4 e5 10. d5 Nb8 {[%cal Bc6b8,Bb8a6,Ba6c5][%mdl 32]} 11. Ne1 a5 12. b3 Na6 13. a3 Bg4 {E11: Bogo-Indian} 14. f3 Bd7 15. Nd3 Nc5 {The position is equal.} (15... c6 16. Rf2 Rfc8 17. Bf1 Qd8 18. dxc6 Bxc6 19. b4 axb4 20. axb4 Bd7 21. Rc1 {0-1 (61) Dziuba,M (2592)-Navara,D (2705) Czechia 2012}) 16. Qc2 h5 17. f4 Nxd3 18. Qxd3 h4 {[#]} 19. fxe5 $146 ({Predecessor:} 19. f5 hxg3 20. hxg3 Nh7 21. Bf3 {½-½ (30) Gagunashvili,M (2598)-Gonzalez Zamora,J (2564) Khanty-Mansiysk 2010}) 19... dxe5 20. gxh4 Nh5 21. Nf3 Bg4 22. Ng5 f6 23. Nh3 Bxh3 24. Bxh3 Nf4 {[#]} 25. Rxf4 $1 {[%mdl 512]} exf4 26. Be6+ Kh8 27. Qf3 {[%cal Rf3h5]} g5 {[#]} (27... g6 $1 $14) 28. Kh1 (28. Ra2 $1 $16) 28... Qh7 $14 29. hxg5 fxg5 30. Rg1 $40 {[%mdl 128] White is up to no good.} Qh6 31. Qc3+ {[%mdl 1024] White has compensation.} Rf6 32. Qe5 f3 33. Bf5 ({Wrong is} 33. Rxg5 $2 f2 $19) 33... Qg7 34. Qg3 g4 $1 35. Qf4 Qh6 (35... Rg8 $11 {remains equal.}) 36. Rxg4 $16 {And now Rh4! would win.} Qxf4 37. Rxf4 {[%mdl 4096] Endgame KRR-KRB} Kg7 38. Rxf3 Rh6 39. c5 b6 (39... Kf6 $16) 40. Rc3 ({White should play} 40. Rg3+ $18 Kf7 41. c6) 40... Rb8 $2 {[%mdl 8192] [#]} (40... bxc5 $1 $11 41. Rxc5 Kf6) 41. d6 $1 $18 c6 (41... cxd6 42. c6) 42. d7 bxc5 43. Rd3 Rd8 44. e5 (44. Kg2 $18) 44... Kf8 45. e6 {Rg3 is the strong threat.} Ke7 46. Rg3 {Hoping for Rg7+.} Kf6 (46... Rxe6 $14 47. Bxe6 Kxe6) 47. Bg4 ({White should try} 47. Kg2 $16) 47... Rh7 ({Better is} 47... Ke7 $14) 48. Rc3 a4 49. bxa4 Ke7 (49... Rg7 $142 50. h3 Rxg4 51. hxg4 Kxe6 52. Rxc5 Kxd7) 50. Rxc5 Rb8 $2 (50... Rg8) 51. Rxc6 Rb1+ 52. Kg2 Rb2+ 53. Kg3 Rhxh2 54. Rc8 {[%csl Gc8][%cal Rd7d8] White mates.} Rhg2+ 55. Kh4 {[%csl Gc8][%cal Rd7d8]} Rh2+ 56. Kg5 {Accuracy: White = 44%, Black = 37%.} 1-0

[Event "EYCC Open-U18 2019"]
[Site "Bratislava"]
[Date "2019.08.05"]
[Round "4.15"]
[White "Travadon, Loic"]
[Black "Mladek, Richard"]
[Result "1-0"]
[WhiteElo "2403"]
[BlackElo "2253"]
[Annotator "RC"]
[PlyCount "89"]
[EventDate "2019.08.02"]
[EventType "swiss"]
[EventCountry "SVK"]
[TimeControl "40/5400+30:1800+30"]

1. Nf3 {[%emt 0:00:00]} Nf6 {[%emt 0:00:00]} 2. c4 {[%emt 0:00:00]} g6 {[%emt 0:00:00]} 3. Nc3 {[%emt 0:00:00]} d5 {[%emt 0:00:00]} 4. cxd5 {[%emt 0:00:00]} Nxd5 {[%emt 0:00:06]} 5. Qb3 {[%emt 0:00:00]} Nb6 {[%emt 0:01:48]} 6. d4 {[%emt 0:00:04]} Bg7 {[%emt 0:01:59]} 7. Bf4 {[%emt 0:00:26]} Be6 {[%emt 0:03:26]} 8. Qa3 {[%emt 0:01:15]} O-O {[%emt 0:02:38]} 9. e4 {[%emt 0:03:43]} Bc4 {[%emt 0:11:24]} 10. Bxc4 {[%emt 0:03:09]} Nxc4 {[%emt 0:00:39]} 11. Qb3 {[%emt 0:00:05]} Nb6 {[%emt 0:03:28]} 12. Rd1 {[%emt 0:01:05]} Qc8 {[%emt 0:04:11]} 13. O-O {[%emt 0:03:11]} Na6 {[%emt 0:08:35]} 14. Bg5 {[%emt 0:04:55]} Re8 {[%emt 0:01:52]} 15. Ne5 {[%emt 0:02:04]} e6 {[%emt 0:02:47]} 16. Ng4 {[%emt 0:00:14]} c5 {[%emt 0:04:15]} 17. e5 {[%emt 0:01:49]} h5 {[%emt 0:03:11]} 18. Nf6+ {[%emt 0:00:17]} Bxf6 {[%emt 0:00:07]} 19. Bxf6 {[%emt 0:00:27]} cxd4 {[%emt 0:04:27]} 20. Rxd4 {[%emt 0:02:42]} Nd7 {[%emt 0:01:02]} 21. Ne4 {[%emt 0:00:52]} Nac5 {[%emt 0:05:14]} 22. Nxc5 {[%emt 0:00:07]} Nxf6 {[%emt 0:00:04]} 23. Nxb7 {[%emt 0:17:22]} Ng4 {[%emt 0:01:14]} 24. Nd6 {[%emt 0:16:22]} Qc5 {[%emt 0:00:14]} 25. Re4 {[%emt 0:10:37]} Red8 {[%emt 0:10:11]} 26. Re2 {[%emt 0:04:49]} Rab8 {[%emt 0:03:04]} 27. Qg3 {[%emt 0:00:06]} Qd4 {[%emt 0:04:08]} 28. Qh4 {[%emt 0:07:50]} Qd5 {[%emt 0:08:58]} 29. h3 {[%emt 0:01:14]} Nxe5 {[%emt 0:01:28]} 30. Ne4 {[%emt 0:00:07]} Qb5 {[%emt 0:03:57]} 31. Re3 {[%emt 0:02:02]} Nc4 {[%emt 0:05:08]} 32. Nf6+ {[%emt 0:01:14]} Kg7 {[%emt 0:02:46]} 33. Rg3 {[%emt 0:00:14]} Nd2 {[%emt 0:00:58]} 34. Re1 {[%emt 0:00:23]} Qa5 {[%emt 0:01:07]} 35. Kh2 {[%emt 0:04:08]} Rb5 {[%emt 0:01:21]} 36. b4 {[%emt 0:00:54]} Rxb4 {[%emt 0:01:01]} 37. Nxh5+ {[%emt 0:00:07]} Kh6 {[%emt 0:01:08]} 38. Nf4+ {[%emt 0:00:16]} Kg7 {[%emt 0:00:10]} 39. Nxe6+ {[%emt 0:02:45]} fxe6 {[%emt 0:00:30]} 40. Qe7+ {[%emt 0:00:00]} Kh6 {[%emt 0:00:00]} 41. Rxg6+ {[%emt 0:00:08]} Kxg6 {[%emt 0:00:59]} 42. Rxe6+ {[%emt 0:00:01]} Kh5 {[%emt 0:00:22]} 43. Qh7+ {[%emt 0:00:05]} Kg5 {[%emt 0:00:06]} 44. Qg6+ {[%emt 0:00:04]} Kh4 {[%emt 0:00:21]} 45. g3# {[%emt 0:00:04]} 1-0

[Event "EYCC Open-U18 2019"]
[Site "Bratislava"]
[Date "2019.08.05"]
[Round "4.16"]
[White "Bronstein, Or"]
[Black "Zeman, Matyas"]
[Result "1-0"]
[WhiteElo "2378"]
[BlackElo "2275"]
[Annotator "TA"]
[PlyCount "111"]
[EventDate "2019.08.02"]
[EventType "swiss"]
[EventCountry "SVK"]
[SourceTitle "playchess.com"]
[Source "ChessBase"]
[SourceQuality "1"]

{[%evp 13,111,1,9,-5,9,0,0,-45,-25,-20,-12,-20,28,27,46,51,38,20,31,10,17,7,59,44,56,19,20,0,0,0,0,0,0,0,15,14,8,-4,8,-14,22,18,44,35,35,43,49,50,152,141,145,150,148,160,147,108,101,101,163,143,202,175,228,211,182,0,168,168,160,137,243,240,212,202,300,283,262,266,261,217,319,328,344,312,279,281,335,329,664,651,760,648,487,0,735,733,677,597,1159,1719]} 1. Nf3 Nf6 2. c4 e6 3. g3 d5 4. d4 Bb4+ 5. Nbd2 O-O 6. Bg2 b6 7. O-O Bb7 8. Qa4 {E16: Queen's Indian: 4 g3 Bb7 5 Bg2 Bb4+} (8. a3 Be7 9. cxd5 exd5 10. b4 a5 11. b5 c6 12. bxc6 Nxc6 13. Bb2 b5 14. e3 a4 15. Qb1 Qb6 16. Rc1 Rfc8 17. Ne5 h6 {1-0 (48) So,W (2780)-Vidit,S (2718) chess.com INT 2018}) 8... Bd6 9. cxd5 exd5 10. Ne5 {The position is equal.} Qe8 $146 ({Predecessor:} 10... Bxe5 11. dxe5 Nfd7 12. Nf3 Nc6 13. Bf4 h6 14. Rac1 Nc5 15. Qa3 Ne6 16. Rfd1 g5 {1-0 (41) Zarovniaev,A-Vasilov,A (2099) Kazan 2009}) 11. Qxe8 Rxe8 12. Ndc4 Bxe5 (12... Bf8 {seems wilder.} 13. Be3 c6 14. Nd2 Bd6 15. f4 Na6) 13. Nxe5 Nc6 14. Nxc6 Bxc6 15. Be3 Bd7 16. Rfc1 c6 17. Rc2 Ne4 (17... h6 $11) 18. Bf4 $14 h6 19. h4 g5 20. hxg5 hxg5 21. Bc1 f6 22. b3 Kf7 23. g4 Rac8 24. f3 {Black must now prevent Ba3.} Nd6 $1 25. a4 Kg6 26. Ba3 Nf7 27. Kf2 f5 28. gxf5+ Bxf5 29. Rc3 g4 30. Rac1 gxf3 (30... Bd7 $1 $14) 31. Rxc6+ $16 Rxc6 32. Rxc6+ Re6 33. Rxe6+ Bxe6 34. Bxf3 {[%mdl 4096] Endgame KBB-KBN} Ng5 35. Bg2 Kf5 (35... Ne4+ $16 36. Kf3 Kf6) 36. Ke3 Kg4 (36... Ne4 $16 37. Be7 Kg4 38. Bf3+ Kf5) 37. Bd6 $1 $18 Kf5 (37... Ne4 $142) 38. Be7 Kg4 39. Bd6 Kf5 $1 40. Bc7 Ne4 41. Bd8 {Bh3+ is the strong threat.} Ng5 {[#]} (41... Kg4 $16 {was necessary.} 42. a5 bxa5 43. Bxa5 Bf7 44. Bxe4 dxe4) 42. b4 $1 Bf7 43. Bc7 Ne4 (43... Ke6 {is a better defense.} 44. Bb8 a6) 44. Bh3+ Kf6 45. Bd8+ Kg7 46. Bd7 Nd6 (46... Kf8 $142 47. Bc6 Nc3) 47. a5 bxa5 48. bxa5 {[%cal Bb4a5,Ba5a6][%mdl 32]} Kf8 49. Bc6 Nc4+ 50. Kf4 Be6 $2 (50... Bh5 51. e3 Be2 52. Bxd5 Ke8) 51. a6 Kf7 52. Kg5 Nd6 {[#]} 53. Kf4 (53. Bb6 $142 $1 {[%mdl 512]}) 53... Nc4 54. Bc7 {White is clearly winning.} Ke7 55. Bb8 Bc8 56. Bb7 {Accuracy: White = 70%, Black = 35%.} 1-0

[Event "EYCC Open-U18 2019"]
[Site "Bratislava"]
[Date "2019.08.05"]
[Round "4.17"]
[White "Golikov, Daniil"]
[Black "Gatineau, Yovann"]
[Result "0-1"]
[WhiteElo "2257"]
[BlackElo "2364"]
[Annotator "TA"]
[PlyCount "92"]
[EventDate "2019.08.02"]
[EventType "swiss"]
[EventCountry "SVK"]
[SourceTitle "playchess.com"]
[Source "ChessBase"]
[SourceQuality "1"]

{[%evp 9,98,-25,-16,-14,-14,-6,-20,-16,-14,-7,-10,-31,-20,-18,-14,-18,-15,-30,-16,-28,-2,-12,-13,-8,56,0,113,122,141,45,73,47,75,66,72,71,66,32,39,12,79,0,4,10,2,-15,-19,-18,-20,-15,-16,-16,-15,-27,-5,-5,-5,-18,-21,-43,-36,-130,-125,-290,-290,-290,-290,-290,-283,-277,-277,-247,-203,-328,-205,-6440,-6227,-5510,-5710,-2463,-2136,-5435,-3757,-29975,-29976,-29977,-29977,-29979,-29979,-29979,-29979]} 1. Nf3 d5 2. c4 d4 3. e3 c5 4. exd4 cxd4 5. d3 Nc6 6. g3 {A09: Réti Opening: 1 Nf3 d5 2 c4} e5 (6... g6 7. Bg2 Bg7 8. O-O Nf6 9. Na3 O-O 10. Nc2 a5 11. a3 Nd7 12. Rb1 a4 13. Bd2 Nc5 14. Bb4 Qb6 15. Bxc5 Qxc5 16. b4 axb3 17. Rxb3 {0-1 (50) Pantsulaia,L (2612)-Sethuraman,S (2646) Riadh 2017}) 7. a3 a5 8. Bg2 {The position is equal.} Nf6 (8... Bd6 {feels hotter.} 9. Nbd2 Nf6 10. Ng5 O-O 11. Nde4 Bc7) 9. Bg5 Be7 $146 ({Predecessor:} 9... Bd6 10. O-O O-O 11. Re1 {1-0 (40) Suba,M (2505)-Hawes,J (2205) Blackpool 1990}) 10. Bxf6 Bxf6 11. O-O O-O 12. Re1 Bf5 13. Qc2 Rc8 14. Nbd2 b5 15. Qb3 bxc4 16. Nxc4 {[%cal Rf3e5] [#]} Re8 ({Black should play} 16... e4 $1 $11 {[%mdl 512]} 17. dxe4 Be6) 17. Rac1 (17. Nfd2 $14) 17... a4 (17... Re6 $11) 18. Qxa4 $16 Bxd3 {[#]} 19. Nfd2 (19. Bh3 $1 $16 {[%cal Rh3c8]} Rc7 20. Ncd2 (20. Na5 Ra7 $14)) 19... Nb8 20. Be4 Bxc4 21. Rxc4 Nd7 22. Rxc8 Qxc8 23. Bf5 Rd8 24. Nc4 d3 (24... Nc5 $11 25. Qa5 Nb3 26. Qxe5 Bxe5 27. Bxc8 Bxg3) 25. Bxd7 (25. Qb5 $16) 25... Qxd7 $11 ({Wrong is} 25... Rxd7 $2 26. Nb6 $18) 26. Qxd7 Rxd7 $16 {[%mdl 4096] Endgame KRB-KRN} 27. f4 d2 28. Rd1 exf4 29. gxf4 Rd4 30. b3 Rd3 31. b4 Rc3 {And now ...Rc1 would win.} 32. Nxd2 Rxa3 33. Rb1 Bd4+ 34. Kf1 {With the idea b5.} Ra2 35. Ne4 ({Better is} 35. Rc1 $15 g5 36. Nb3) 35... Rxh2 $17 {...Rh1+ is the strong threat.} 36. Rd1 $2 (36. Rb3 $17 {was forced.}) 36... Rh1+ $19 37. Ke2 Rxd1 38. Kxd1 {[#] KB-KN} f5 $1 {[%cal Rf5e4]} 39. Nd6 g6 40. Ke2 Kf8 41. Kd3 (41. Nc4 {was necessary.}) 41... Bg1 42. Kc4 $2 (42. b5) 42... h5 43. Kd3 h4 44. Ke2 h3 45. Kf3 Bh2 46. Nb7 {[#]} Ke7 {Played: Bh2xf4} 0-1